|
|
|
|
| LEADER |
00000nab a2200000uu 4500 |
| 001 |
vtls011514128 |
| 003 |
SK-MaSNL |
| 005 |
20260303181025.0 |
| 008 |
230704|1976 xo |||||||||||||||||slo| |
| 015 |
|
|
|a SNBRB
|
| 035 |
|
|
|a (urnnbn)urn:nbn:sk:snk:ar-001g21
|
| 035 |
|
|
|a (uuid)f48d801f-807a-46e2-b84d-afad39812173
|
| 035 |
|
|
|a urn:nbn:sk:snk-abe42m
|
| 040 |
|
|
|a SNKBUCL
|b slo
|c SNKBUCL
|e AACR2
|
| 041 |
0 |
|
|a slo
|
| 044 |
|
|
|a xo
|c SK
|
| 100 |
1 |
|
|a Marušiak, Ondrej,
|d 1926-2008
|4 aut
|9 90032
|
| 245 |
1 |
0 |
|a Vladimír Tendriakov: Tri vrecia pšenice
|c Ondrej Marušiak
|
| 650 |
0 |
7 |
|a ruské prózy
|2 SNKPH
|9 462270
|
| 655 |
|
7 |
|a recenzie
|2 SNKPH
|9 21907
|
| 773 |
0 |
|
|t Slovenské pohľady
|g Roč. 92, č. 3 (1976), s. 143-144
|
| 850 |
|
|
|a Slovenská národná knižnica
|
| 852 |
|
|
|a Slovenská národná knižnica
|
| 954 |
|
|
|a odborná, vedecká literatúra pôvodná (slovenská)
|2 lita
|
| 958 |
|
|
|a OND
|
| 958 |
|
|
|a EUIPO
|
| 958 |
|
|
|a article21
|
| 999 |
|
|
|c 2108520
|d 2110450
|